Мировая экономика и международные экономические отношения: учебник для бакалавров

Opis bibliograficzny
Kolejni autorzy: Щенин Р. К. (редактор), Поляков В. В.
Streszczenie:Учебник подготовлен в соответствии с требованиями Федерального государственного образовательного стандарта высшего профессионального образования третьего поколения. В новом, значительно актуализированном издании рассматриваются важнейшие теоретические и практические аспекты мировой экономики и международных экономических отношений — системы разнообразных хозяйственных (научно-технических, производственных, коммерческих, валютно-финансовых и кредитно-денежных связей) региональных и национальных экономических систем разных стран, основанных на международном разделении труда.Назначение учебника — помочь усвоить теоретические основы, принципы и особенности развития современной мировой экономики и международных отношений в условиях региональной интеграции, транснационализации и глобализации хозяйственной деятельности и тем самым содействовать более качественной подготовке компетентных бакалавров, способных принимать ответственные и эффективные решения в практической работе.
Język:rosyjski
Wydane: Москва, Юрайт, 2013
Seria:Бакалавр. Базовый курс
Hasła przedmiotowe:
Format: Książka
KOHA link:https://koha.lib.tpu.ru/cgi-bin/koha/opac-detail.pl?biblionumber=222142

MARC

LEADER 00000nam0a2200000 4500
001 222142
005 20231101230439.0
010 |a 9785991621939 
035 |a (RuTPU)RU\TPU\book\242325 
090 |a 222142 
100 |a 20120919d2013 m y0rusy50 ca 
101 0 |a rus 
102 |a RU 
105 |a a j 001zy 
200 1 |a Мировая экономика и международные экономические отношения  |e учебник для бакалавров  |f под ред. Р. К. Щенина, В. В. Полякова 
210 |a Москва  |c Юрайт  |d 2013 
215 |a 446 с. 
225 1 |a Бакалавр. Базовый курс 
320 |a Библиография в конце глав. 
330 |a Учебник подготовлен в соответствии с требованиями Федерального государственного образовательного стандарта высшего профессионального образования третьего поколения. В новом, значительно актуализированном издании рассматриваются важнейшие теоретические и практические аспекты мировой экономики и международных экономических отношений — системы разнообразных хозяйственных (научно-технических, производственных, коммерческих, валютно-финансовых и кредитно-денежных связей) региональных и национальных экономических систем разных стран, основанных на международном разделении труда.Назначение учебника — помочь усвоить теоретические основы, принципы и особенности развития современной мировой экономики и международных отношений в условиях региональной интеграции, транснационализации и глобализации хозяйственной деятельности и тем самым содействовать более качественной подготовке компетентных бакалавров, способных принимать ответственные и эффективные решения в практической работе. 
606 1 |a Мировая экономика  |2 stltpush  |3 (RuTPU)RU\TPU\subj\44096  |9 63470 
606 1 |a Международные экономические отношения  |2 stltpush  |3 (RuTPU)RU\TPU\subj\69990  |9 84584 
610 1 |a экономическое регулирование 
610 1 |a глобальная экономика 
610 1 |a ВТО 
610 1 |a Всемирная торговая организация 
610 1 |a ООН 
610 1 |a группа восьми 
610 1 |a группа двадцати 
610 1 |a производительные силы 
610 1 |a размещение 
610 1 |a мировая промышленность 
610 1 |a мировое хозяйство 
610 1 |a сельское хозяйство 
610 1 |a научно-технический прогресс 
610 1 |a экономические системы 
610 1 |a США 
610 1 |a Канада 
610 1 |a Мексика 
610 1 |a Европа 
610 1 |a Япония 
610 1 |a Китай 
610 1 |a Индия 
610 1 |a Аргентина 
610 1 |a Бразилия 
610 1 |a экономическая интеграция 
610 1 |a транснационализация 
610 1 |a глобальные проблемы 
610 1 |a международная торговля 
610 1 |a международное движение капитала 
610 1 |a трудовая миграция 
610 1 |a международные экономические организации 
610 1 |a международные биржи 
610 1 |a внешнеэкономическое прогнозирование 
610 1 |a учебники 
686 |a У5я73  |v LBC/SL-A  |2 rubbk 
686 |a У580я73  |v LBC/SL-A  |2 rubbk 
702 1 |a Щенин  |b Р. К.  |4 340 
702 1 |a Поляков  |b В. В.  |4 340 
801 1 |a RU  |b 63413507  |c 20120919 
801 2 |a RU  |b 63413507  |c 20150512  |g RCR 
900 |a Мировая экономика и международные экономические отношения 
942 |c BK 
951 |b 080100  |b 080200 
959 |a 111/20120907  |d 2  |e 269,00  |f ЧЗГЛ:1  |f АНЛ:1